[Event "Tarragona-ch Seniors"]
[Site "Cambrils"]
[Date "2020.02.27"]
[Round "6.11"]
[White "Ferrer Dalmau, Josep Antonio"]
[Black "Figueras Perez, Robert"]
[Result "1-0"]
[WhiteElo "1718"]
[BlackElo "1689"]
[PlyCount "49"]
[EventDate "2020.01.23"]
[EventType "swiss"]
[EventRounds "8"]
[EventCountry "ESP"]
[SourceTitle "EXT 2024"]
[Source "ChessBase"]
[SourceDate "2023.10.10"]
[SourceVersion "1"]
[SourceVersionDate "2023.10.10"]
[SourceQuality "1"]

1. d4 Nf6 2. c4 g6 3. Nc3 Bg7 4. e4 d6 5. f3 0-0 6. Be3 e5 7. d5 Ne8 8. Qd2 f5 9. exf5 Bxf5 10. g4 Bd7 11. 0-0-0 Na6 12. h4 h5 13. Be2 Nf6 14. Bg5 Qc8 15. gxh5 Nxh5 16. Bd3 Bf5 17. Ne4 Rf7 18. Ne2 Qf8 19. Rdg1 Nf4 20. Nxf4 exf4 21. h5 gxh5 22. Rxh5 Bd4 23. Qg2 Rg7 24. Rgh1 Rg6 25. Qh2 1-0

[Event "Tarragona-ch Seniors"]
[Site "Cambrils"]
[Date "2020.01.30"]
[Round "2.14"]
[White "Ribe Rosell, Joan"]
[Black "Figueras Perez, Robert"]
[Result "0-1"]
[WhiteElo "1580"]
[BlackElo "1689"]
[PlyCount "68"]
[EventDate "2020.01.23"]
[EventType "swiss"]
[EventRounds "8"]
[EventCountry "ESP"]
[SourceTitle "EXT 2024"]
[Source "ChessBase"]
[SourceDate "2023.10.10"]
[SourceVersion "1"]
[SourceVersionDate "2023.10.10"]
[SourceQuality "1"]

1. d4 Nf6 2. c4 g6 3. Nc3 Bg7 4. Nf3 0-0 5. e4 d6 6. Be2 e5 7. d5 Nbd7 8. Be3 Nc5 9. Bxc5 dxc5 10. 0-0 Nh5 11. g3 Bg4 12. Nh4 Bxe2 13. Nxe2 Nf6 14. Nc3 a6 15. a3 Qd7 16. f3 Ne8 17. Qe2 Nd6 18. b4 cxb4 19. axb4 f5 20. c5 Nf7 21. b5 axb5 22. Rxa8 Rxa8 23. Qxb5 c6 24. Qc4 f4 25. g4 Kf8 26. d6 Ng5 27. Na4 Qd8 28. Ng2 Qa5 29. Nb6 Rd8 30. Qc2 Ne6 31. Rc1 Nd4 32. Qd1 Ne6 33. d7 Nd4 34. Qe1 Nxf3+ 0-1

[Event "Tarragona Province-ch Seniors"]
[Site "Salou"]
[Date "2014.03.13"]
[Round "7"]
[White "Figueras Perez, Robert"]
[Black "Ferrer Dalmau, Josep Antonio"]
[Result "0-1"]
[WhiteElo "1928"]
[BlackElo "1942"]
[PlyCount "94"]
[EventDate "2014.01.30"]
[EventType "swiss"]
[EventRounds "8"]
[EventCountry "ESP"]
[SourceTitle "EXT 2024"]
[Source "ChessBase"]
[SourceDate "2023.10.10"]
[SourceVersion "1"]
[SourceVersionDate "2023.10.10"]
[SourceQuality "1"]

1. e4 c5 2. Nf3 d6 3. d4 cxd4 4. Nxd4 Nf6 5. Nc3 g6 6. Be2 Bg7 7. Be3 0-0 8. Qd2 Re8 9. 0-0-0 a6 10. f4 e6 11. g4 e5 12. Nb3 Bxg4 13. fxe5 Bxe2 14. exf6 Bxd1 15. fxg7 Bf3 16. Rf1 Bxe4 17. Nxe4 Rxe4 18. Qd5 Qe7 19. Bd2 Nc6 20. Bc3 Re8 21. Kd1 Re3 22. Nc1 Qe6 23. Qg5 d5 24. Qf4 Re4 25. Qg3 Qg4+ 26. Qxg4 Rxg4 27. Nd3 d4 28. Be1 Kxg7 29. Bg3 b6 30. Nf2 Rg5 31. Nd3 a5 32. a4 b5 33. b3 bxa4 34. bxa4 Nb4 35. Nxb4 axb4 36. Bd6 Ra5 37. Bxb4 Rxa4 38. Bd2 Ra1+ 39. Bc1 f5 40. Kd2 Kf6 41. Kd3 Re4 42. c3 Ra4 43. Rd1 dxc3 44. Kxc3 Rac4+ 45. Kb3 Rb4+ 46. Kc3 Rec4+ 47. Kd3 Rd4+ 0-1